IFM Opac

Advanced Accountancy (Record no. 17920)

MARC details
000 -LEADER
fixed length control field 00414nam a22001217a 4500
082 ## - DEWEY DECIMAL CLASSIFICATION NUMBER
Classification number 657.3 NAT
100 ## - MAIN ENTRY--PERSONAL NAME
Personal name National Board of Accountants and Auditors Tanzania
9 (RLIN) 1716
245 ## - TITLE STATEMENT
Title Advanced Accountancy
260 ## - PUBLICATION, DISTRIBUTION, ETC.
Date of publication, distribution, etc. 1988
Place of publication, distribution, etc. Dar es Salaam
Name of publisher, distributor, etc. Instute of Finance Management
300 ## - PHYSICAL DESCRIPTION
Extent vi,292p
Other physical details ill.,30cm
650 ## - SUBJECT ADDED ENTRY--TOPICAL TERM
Topical term or geographic name entry element Accounting for bankruptcy.reseivership and compulsory liguidation of companies
9 (RLIN) 5835
942 ## - ADDED ENTRY ELEMENTS (KOHA)
Koha item type Books
Holdings
Withdrawn status Lost status Source of classification or shelving scheme Damaged status Not for loan Collection code Home library Current library Shelving location Date acquired Full call number Barcode Date last seen Price effective from Koha item type
    Dewey Decimal Classification     Non-fiction IFM Main Campus Library IFM Main Campus Library   09/20/2021 657.3 NAT 0000011936 08/09/2017 02/19/2022 Books